[Event "Weiße Dame Borbeck 1 - SV Bottrop 1"]
[Site "Verbandsliga - Gruppe 2 2021/"]
[Date "2021.11.14"]
[Round "2.4"]
[White "Korste, Sebastian"]
[Black "Masberg, Stefan"]
[Result "1/2-1/2"]
[WhiteElo "2006"]
[BlackElo "1917"]
[PlyCount "113"]
[EventDate "2021.??.??"]
[WhiteTeam "Weiße Dame Borbeck 1"]
[BlackTeam "SV Bottrop 1"]

1. d4 Nf6 2. c4 e6 3. Nc3 d5 4. cxd5 exd5 5. Bg5 Be7 6. e3 O-O 7. Qc2 Be6 8.
Bd3 Nbd7 9. Nf3 h6 10. Bf4 c5 11. O-O c4 12. Bf5 Nh5 13. Be5 a6 14. Ne2 b5 15.
Bxe6 fxe6 16. Qg6 Nhf6 17. Nf4 Qb6 18. Bc7 Qc6 19. Ne5 Nxe5 20. Bxe5 a5 21. a3
Ra6 22. f3 Qe8 23. Qc2 Qf7 24. Ng6 Rfa8 25. Nxe7+ Qxe7 26. e4 b4 27. Bxf6 Qxf6
28. e5 Qf4 29. Qf2 Rb8 30. g3 Qf8 31. Qd2 Rab6 32. a4 Rc8 33. Qc2 b3 34. Qc3
Qb4 35. Rfc1 Rb7 36. Kg2 Rf8 37. f4 g5 38. fxg5 hxg5 39. Qe3 Rg7 40. h3 g4 41.
hxg4 Rxg4 42. Rh1 Rff4 43. Rh5 Qf8 44. Rah1 Qg7 45. Rh8+ Qxh8 46. Rxh8+ Kxh8
47. Kh3 Rxd4 48. Qh6+ Kg8 49. Qxe6+ Kh8 50. Qh6+ Kg8 51. Qe6+ Kh7 52. Qf7+ Kh6
53. Qf6+ Rg6 54. Qf8+ Kg5 55. Qe7+ Kf5 56. Qf7+ Kg5 57. Qe7+ 1/2-1/2

[Event "Weiße Dame Borbeck 1 - SV Bottrop 1"]
[Site "Verbandsliga - Gruppe 2 2021/"]
[Date "2021.11.14"]
[Round "2.5"]
[White "Gierse, Heinz-Dieter"]
[Black "Poetter, Clemens"]
[Result "0-1"]
[WhiteElo "1917"]
[BlackElo "1976"]
[PlyCount "124"]
[EventDate "2021.??.??"]
[WhiteTeam "SV Bottrop 1"]
[BlackTeam "Weiße Dame Borbeck 1"]

1. Nf3 g6 2. g3 Bg7 3. Bg2 e5 4. d3 d5 5. Nbd2 Ne7 6. e4 c6 7. O-O O-O 8. b3
Nd7 9. a4 a5 10. Ba3 Re8 11. Re1 Qc7 12. Rb1 h6 13. h3 Kh7 14. Bb2 f5 15. c4
dxe4 16. dxe4 f4 17. Qc2 g5 18. g4 Ng6 19. c5 Bf8 20. Ba3 Qd8 21. Red1 Qf6 22.
Nc4 b6 23. Nd6 Rd8 24. cxb6 Nxb6 25. Qxc6 Rb8 26. Qc7+ Bd7 27. Nc4 Bxa3 28.
Nxa3 Rbc8 29. Qd6 Rc6 30. Qxf6 Rxf6 31. Rbc1 Rf7 32. Rd6 Rb8 33. Rxg6 Kxg6 34.
Nxe5+ Kf6 35. Nxf7 Kxf7 36. Bf1 Ke6 37. Rc5 Ra8 38. Nb5 Bxb5 39. Bxb5 Rc8 40.
Bc4+ Kd6 41. Rxa5 Nxc4 42. bxc4 Rxc4 43. f3 Rc2 44. Rd5+ Ke6 45. a5 Ra2 46. Rb5
Kd6 47. Kf1 Kc6 48. Rf5 Kd6 49. Rd5+ Ke6 50. Rb5 Kd6 51. h4 gxh4 52. Rh5 h3 53.
Rxh6+ Ke5 54. Rxh3 Kd4 55. Rh5 Ke3 56. Rd5 Kxf3 57. Ke1 Kxe4 58. Rb5 f3 59.
Rb4+ Ke3 60. Rb3+ Kf4 61. Rb5 Kg3 62. Rb1 Kg2 0-1

[Event "Weiße Dame Borbeck 1 - SV Bottrop 1"]
[Site "Verbandsliga - Gruppe 2 2021/"]
[Date "2021.11.14"]
[Round "2.6"]
[White "Mundil, Uwe"]
[Black "Jaeger, Heinz"]
[Result "1/2-1/2"]
[WhiteElo "2018"]
[BlackElo "1968"]
[PlyCount "48"]
[EventDate "2021.??.??"]
[WhiteTeam "Weiße Dame Borbeck 1"]
[BlackTeam "SV Bottrop 1"]

1. e4 g6 2. Nf3 d6 3. Bc4 Bg7 4. d4 Nc6 5. O-O e5 6. dxe5 Nxe5 7. Nxe5 Bxe5 8.
f4 Bf6 9. Nc3 Be6 10. Bb3 Ne7 11. Nd5 Bg7 12. c3 c6 13. Ne3 Bxb3 14. Qxb3 Qb6
15. Qxb6 axb6 16. f5 gxf5 17. exf5 Be5 18. Nc4 b5 19. Nxe5 dxe5 20. f6 Nd5 21.
Rf5 O-O-O 22. Bh6 e4 23. Re1 Rhe8 24. Bg7 Re6 1/2-1/2

[Event "Weiße Dame Borbeck 1 - SV Bottrop 1"]
[Site "Verbandsliga - Gruppe 2 2021/"]
[Date "2021.11.14"]
[Round "2.7"]
[White "Ruhmann, Gabriel"]
[Black "Kindermann, Carsten"]
[Result "1/2-1/2"]
[WhiteElo "1494"]
[BlackElo "1884"]
[PlyCount "52"]
[EventDate "2021.??.??"]
[WhiteTeam "SV Bottrop 1"]
[BlackTeam "Weiße Dame Borbeck 1"]

1. Nf3 d6 2. c4 e5 3. g3 f5 4. Bg2 c5 5. d3 Nc6 6. Nc3 Nf6 7. Bg5 Be7 8. Bxf6
Bxf6 9. Rb1 Be6 10. O-O Qd7 11. Ne1 O-O 12. Nc2 Rab8 13. Nd5 b5 14. cxb5 Rxb5
15. b4 cxb4 16. Ndxb4 Nxb4 17. Nxb4 d5 18. Na6 Rc8 19. Rc1 Rxc1 20. Qxc1 Qd6
21. Nc7 Rc5 22. Ne8 Rxc1 23. Nxd6 Rc6 24. Nxf5 Rc2 25. Ne3 Rxa2 26. Bxd5 Bxd5
1/2-1/2

[Event "Weiße Dame Borbeck 1 - SV Bottrop 1"]
[Site "Verbandsliga - Gruppe 2 2021/"]
[Date "2021.11.14"]
[Round "2.8"]
[White "Klasmeier, Hartmut"]
[Black "Gruber, Herbert"]
[Result "1-0"]
[WhiteElo "1875"]
[BlackElo "1754"]
[PlyCount "87"]
[EventDate "2021.??.??"]
[WhiteTeam "Weiße Dame Borbeck 1"]
[BlackTeam "SV Bottrop 1"]

1. e4 c6 2. d4 d5 3. exd5 cxd5 4. Bd3 Nf6 5. h3 Nc6 6. c3 e5 7. dxe5 Nxe5 8.
Bc2 Bd7 9. Ne2 Bc5 10. Ng3 O-O 11. O-O h6 12. Re1 Re8 13. Be3 Bxe3 14. Rxe3 Nc4
15. Rxe8+ Qxe8 16. b3 Nb6 17. Nd2 Rc8 18. Rc1 Kf8 19. Bd3 Bb5 20. Nf3 Bc6 21.
Nd4 Bd7 22. Qf3 Qe5 23. a4 Re8 24. Qd1 Nc8 25. Nf3 Qf4 26. Ne2 Qd6 27. Qd2 Qb6
28. Nfd4 Nd6 29. Ng3 Nde4 30. Bxe4 dxe4 31. Re1 Qc5 32. Qe3 Qe5 33. c4 a6 34.
Nge2 Qa5 35. Qc3 Qg5 36. Qg3 Qa5 37. Qc3 Qg5 38. Ng3 h5 39. Re3 h4 40. Nge2 Nh5
41. Qb4+ Re7 42. Qxb7 f5 43. Qxd7 Qf6 44. Qxf5 1-0

[Event "SV Ahlen 1 - SC Listiger Bauer Essen 1"]
[Site "Verbandsliga - Gruppe 2 2021/"]
[Date "2021.11.14"]
[Round "2.2"]
[White "Torres-Kuckel, Rafael"]
[Black "Mandl, Stefan"]
[Result "1/2-1/2"]
[WhiteElo "2065"]
[BlackElo "1953"]
[PlyCount "73"]
[EventDate "2021.??.??"]
[WhiteTeam "SV Ahlen 1"]
[BlackTeam "SC Listiger Bauer Essen 1"]

1. e4 c5 2. d4 cxd4 3. c3 dxc3 4. Nxc3 Nc6 5. Bc4 d6 6. Nf3 a6 7. O-O Nf6 8.
Qe2 Bg4 9. Rd1 e6 10. Bf4 Qa5 11. h3 Bxf3 12. Qxf3 Ne5 13. Qe2 Be7 14. Bb3 O-O
15. Bd2 Qc7 16. Rac1 Qb8 17. f4 Nc6 18. Be3 Na5 19. Bc2 b5 20. b3 Nc6 21. Bb1
Qb7 22. Bf2 e5 23. Nd5 Rac8 24. Qd3 Rfd8 25. Bh4 Nd4 26. Nxe7+ Qxe7 27. Bf2 Ne6
28. Rxc8 Rxc8 29. f5 Nf8 30. Be3 Rc6 31. Kh2 Qc7 32. Qe2 h6 33. Bf2 N8d7 34.
Bh4 Rc1 35. Qd2 Rxd1 36. Qxd1 Qc6 37. Qe1 1/2-1/2

[Event "SV Ahlen 1 - SC Listiger Bauer Essen 1"]
[Site "Verbandsliga - Gruppe 2 2021/"]
[Date "2021.11.14"]
[Round "2.3"]
[White "Ball, Joerg"]
[Black "Steinle, Carsten"]
[Result "0-1"]
[WhiteElo "1932"]
[BlackElo "2060"]
[PlyCount "56"]
[EventDate "2021.??.??"]
[WhiteTeam "SC Listiger Bauer Essen 1"]
[BlackTeam "SV Ahlen 1"]

1. f4 c5 2. Nf3 g6 3. g3 Bg7 4. Bg2 Nc6 5. O-O Nf6 6. d3 d5 7. e3 Qc7 8. Qe2
Bg4 9. h3 Bd7 10. c3 e5 11. e4 dxe4 12. dxe4 Nh5 13. Qf2 exf4 14. gxf4 O-O 15.
e5 b6 16. Na3 Ne7 17. Ng5 Rad8 18. Ne4 f6 19. exf6 Nxf6 20. Be3 Nxe4 21. Bxe4
Bxh3 22. Bg2 Bxg2 23. Qxg2 Rd3 24. Rae1 Nf5 25. Qe4 Qd7 26. Bf2 Ng3 27. Bxg3
Rxg3+ 28. Kf2 Rg4 0-1

[Event "SV Ahlen 1 - SC Listiger Bauer Essen 1"]
[Site "Verbandsliga - Gruppe 2 2021/"]
[Date "2021.11.14"]
[Round "2.4"]
[White "Volesky, Alexander"]
[Black "Wagner, Ole"]
[Result "1-0"]
[WhiteElo "2013"]
[BlackElo "1905"]
[PlyCount "95"]
[EventDate "2021.??.??"]
[WhiteTeam "SV Ahlen 1"]
[BlackTeam "SC Listiger Bauer Essen 1"]

1. e4 e5 2. Nf3 Nc6 3. Bb5 a6 4. Ba4 Nf6 5. d3 d6 6. c3 Be7 7. O-O O-O 8. Re1
Bg4 9. Nbd2 Nd7 10. h3 Bh5 11. Nf1 Nc5 12. Bc2 Ne6 13. Ng3 Bxf3 14. Qxf3 Bg5
15. Bb3 Na5 16. Bc2 c5 17. Qg4 g6 18. Rf1 Kh8 19. Bxg5 Qxg5 20. Qxg5 Nxg5 21.
f4 exf4 22. Rxf4 f6 23. Raf1 Kg7 24. R4f2 h5 25. Ne2 Ne6 26. a3 c4 27. d4 Rae8
28. h4 b6 29. Kh2 Nb7 30. Kh3 b5 31. Rg1 Rh8 32. Rgf1 Ref8 33. g3 Nbd8 34. Nf4
Nxf4+ 35. gxf4 Nf7 36. Rg1 Kh6 37. Rfg2 Rhg8 38. e5 g5 39. exf6 g4+ 40. Kg3 Nd8
41. Re2 Rxf6 42. Rge1 Rgf8 43. Re7 R6f7 44. Rxf7 Nxf7 45. Re6+ Kg7 46. Bg6 Rh8
47. f5 a5 48. Re7 1-0

[Event "SV Ahlen 1 - SC Listiger Bauer Essen 1"]
[Site "Verbandsliga - Gruppe 2 2021/"]
[Date "2021.11.14"]
[Round "2.5"]
[White "Brandhorst, Dieter"]
[Black "Woestmann, Ulrich"]
[Result "0-1"]
[WhiteElo "1902"]
[BlackElo "1990"]
[PlyCount "60"]
[EventDate "2021.??.??"]
[WhiteTeam "SC Listiger Bauer Essen 1"]
[BlackTeam "SV Ahlen 1"]

1. e4 c5 2. b3 d6 3. Bb2 Nf6 4. Nc3 g6 5. d4 cxd4 6. Qxd4 Bg7 7. Qd2 Nxe4 8.
Bb5+ Bd7 9. Bxd7+ Nxd7 10. Qe3 Qa5 11. Nge2 Nxc3 12. Bxc3 Bxc3+ 13. Qxc3 Qxc3+
14. Nxc3 Nf6 15. O-O-O Rc8 16. Kb2 Rxc3 17. Kxc3 Ne4+ 18. Kd4 Nxf2 19. c4 Nxh1
20. Rxh1 Kd7 21. Rf1 f5 22. a4 e5+ 23. Ke3 Ke6 24. Rd1 Rc8 25. a5 Rc5 26. a6 b5
27. Rc1 bxc4 28. b4 Rc8 29. b5 d5 30. Kd2 Kd6 0-1

[Event "SV Ahlen 1 - SC Listiger Bauer Essen 1"]
[Site "Verbandsliga - Gruppe 2 2021/"]
[Date "2021.11.14"]
[Round "2.6"]
[White "Starp, Klaus"]
[Black "Gunkel, Christian"]
[Result "0-1"]
[WhiteElo "1912"]
[BlackElo "1889"]
[PlyCount "56"]
[EventDate "2021.??.??"]
[WhiteTeam "SV Ahlen 1"]
[BlackTeam "SC Listiger Bauer Essen 1"]

1. e4 e6 2. d4 d5 3. Nc3 Nf6 4. Bg5 dxe4 5. Nxe4 Nbd7 6. Nf3 h6 7. Nxf6+ Nxf6
8. Be3 a6 9. Bd3 b6 10. O-O Bb7 11. c4 Be7 12. Qe2 O-O 13. Ne5 Qc8 14. Rfd1 c5
15. Rac1 Re8 16. a3 a5 17. Bc2 Qc7 18. Ba4 Red8 19. f4 cxd4 20. Rxd4 Rxd4 21.
Bxd4 Rd8 22. Be3 Ne4 23. Bb5 Bc5 24. Kf1 f6 25. Nd3 Bxe3 26. Qxe3 Rxd3 27. Qxd3
Qxf4+ 28. Ke2 Qxc1 0-1

[Event "SV Ahlen 1 - SC Listiger Bauer Essen 1"]
[Site "Verbandsliga - Gruppe 2 2021/"]
[Date "2021.11.14"]
[Round "2.7"]
[White "Petri, Norbert"]
[Black "Voelker, Andreas"]
[Result "1-0"]
[WhiteElo "1864"]
[BlackElo "1794"]
[PlyCount "51"]
[EventDate "2021.??.??"]
[WhiteTeam "SC Listiger Bauer Essen 1"]
[BlackTeam "SV Ahlen 1"]

1. c4 Nf6 2. Nc3 c5 3. g3 Nc6 4. Bg2 g6 5. Nf3 Bg7 6. O-O O-O 7. d4 cxd4 8.
Nxd4 a6 9. c5 Nxd4 10. Qxd4 Nh5 11. Qc4 d6 12. Be3 Be6 13. Qb4 a5 14. Qa3 d5
15. Rfd1 Nf6 16. Bd4 Rc8 17. e4 Qc7 18. exd5 Bg4 19. Rd2 Rfd8 20. h3 Bd7 21. d6
exd6 22. Bxf6 Bxf6 23. Nd5 Bxb2 24. Qxb2 Qxc5 25. Ne7+ Kf8 26. Nxc8 1-0

[Event "SV Ahlen 1 - SC Listiger Bauer Essen 1"]
[Site "Verbandsliga - Gruppe 2 2021/"]
[Date "2021.11.14"]
[Round "2.8"]
[White "Dreesbach, Harald"]
[Black "Abdo, Alan"]
[Result "1-0"]
[WhiteElo "1802"]
[BlackElo "1454"]
[PlyCount "78"]
[EventDate "2021.??.??"]
[WhiteTeam "SV Ahlen 1"]
[BlackTeam "SC Listiger Bauer Essen 1"]

1. d4 Nf6 2. Nf3 g6 3. e3 Bg7 4. Bd3 O-O 5. Nbd2 d6 6. Qe2 Re8 7. e4 e5 8. dxe5
dxe5 9. O-O Nc6 10. c3 Nh5 11. Nb3 Ne7 12. Bc4 c6 13. Ng5 Rf8 14. a4 h6 15. Nf3
Qc7 16. Nh4 Kh7 17. Be3 f5 18. exf5 Nf4 19. fxg6+ Nexg6 20. Qc2 Qe7 21. Nxg6
Nxg6 22. Bc5 Qg5 23. Bxf8 Bh3 24. f3 Rxf8 25. Bd3 Bxg2 26. Bxg6+ Kh8 27. Qxg2
Qe3+ 28. Kh1 Rd8 29. Rae1 Qb6 30. Bc2 c5 31. Qg6 Qxg6 32. Bxg6 c4 33. Rd1 Rc8
34. Nd2 Rc6 35. Be4 Rc7 36. Nxc4 Bf6 37. Nd6 Bg5 38. Nf5 Kg8 39. Rd6 Rc4 1-0

[Event "SV Günnigfeld 1 - Hammer SC 1"]
[Site "Verbandsliga - Gruppe 2 2021/"]
[Date "2021.11.14"]
[Round "2.1"]
[White "Spyrou, Emmanouil"]
[Black "Freisen, Thomas"]
[Result "1/2-1/2"]
[WhiteElo "2147"]
[BlackElo "1966"]
[PlyCount "46"]
[EventDate "2021.??.??"]
[WhiteTeam "Hammer SC 1"]
[BlackTeam "SV Günnigfeld 1"]

1. d4 Nf6 2. c4 g6 3. Nc3 d5 4. cxd5 Nxd5 5. e4 Nxc3 6. bxc3 Bg7 7. Bc4 c5 8.
Ne2 Nc6 9. Be3 O-O 10. O-O Bg4 11. f3 Na5 12. Bd3 cxd4 13. cxd4 Be6 14. d5 Bxa1
15. Qxa1 f6 16. Nd4 Bd7 17. Qb1 Rc8 18. Qb4 b6 19. Ba6 Rc7 20. f4 Nb7 21. e5
fxe5 22. fxe5 Rxf1+ 23. Bxf1 Rc5 1/2-1/2

[Event "SV Günnigfeld 1 - Hammer SC 1"]
[Site "Verbandsliga - Gruppe 2 2021/"]
[Date "2021.11.14"]
[Round "2.2"]
[White "Jaennekes, Oliver"]
[Black "Voss, Hubertus"]
[Result "0-1"]
[WhiteElo "1934"]
[BlackElo "2073"]
[PlyCount "50"]
[EventDate "2021.??.??"]
[WhiteTeam "SV Günnigfeld 1"]
[BlackTeam "Hammer SC 1"]

1. d4 Nf6 2. c4 e6 3. Nc3 d5 4. Nf3 c6 5. e3 Nbd7 6. a3 Bd6 7. cxd5 exd5 8. Bd3
O-O 9. O-O Re8 10. b4 Ne4 11. Qb3 Ndf6 12. b5 c5 13. dxc5 Nxc5 14. Qc2 Bg4 15.
Nd4 Rc8 16. Bf5 Ne6 17. Bd2 Nxd4 18. exd4 Bxf5 19. Qxf5 g6 20. Qd3 Ne4 21. Na4
Rc4 22. Nb2 Rc7 23. a4 Qf6 24. Rac1 Nxd2 25. Rxc7 Nxf1 0-1

[Event "SV Günnigfeld 1 - Hammer SC 1"]
[Site "Verbandsliga - Gruppe 2 2021/"]
[Date "2021.11.14"]
[Round "2.3"]
[White "Schlaap, Ralf"]
[Black "Markus, Peter"]
[Result "1-0"]
[WhiteElo "2062"]
[BlackElo "1845"]
[PlyCount "165"]
[EventDate "2021.??.??"]
[WhiteTeam "Hammer SC 1"]
[BlackTeam "SV Günnigfeld 1"]

1. d4 d5 2. c4 c6 3. Nf3 Nf6 4. Nc3 e6 5. g3 Nbd7 6. Bg2 Bd6 7. O-O O-O 8. Re1
Re8 9. e4 dxe4 10. Nxe4 Nxe4 11. Rxe4 Nf6 12. Re1 Rb8 13. Bd2 Qe7 14. Bc3 Bb4
15. Rc1 Bxc3 16. Rxc3 Qd6 17. Rd3 Rd8 18. Ne5 Nd7 19. c5 Qe7 20. Nc4 Nf6 21.
Nd6 Ne8 22. Nc4 Nf6 23. b4 Qc7 24. a3 Qe7 25. Nd6 Ne8 26. Nc4 Nf6 27. Qd2 Ne8
28. Ne3 Rd7 29. Ng4 Nf6 30. Ne5 Rd8 31. Nc4 Qc7 32. Nd6 Ne8 33. Nxe8 Rxe8 34.
d5 cxd5 35. Bxd5 Bd7 36. Bf3 Bb5 37. Rd6 h6 38. Qd4 Ba4 39. Re2 a6 40. Rd2 Bb5
41. Qf4 Rec8 42. h4 Re8 43. g4 Qe7 44. g5 hxg5 45. hxg5 Rec8 46. g6 Be8 47.
gxf7+ Qxf7 48. Qxf7+ Kxf7 49. Bg4 Rc6 50. Bxe6+ Ke7 51. Bf5 Rxd6 52. Rxd6 Bc6
53. Bh3 Rf8 54. Bg2 Bxg2 55. Kxg2 Rf7 56. Kg3 Ke8 57. f4 Rc7 58. Kg4 Ke7 59.
Kf5 Kf7 60. Rb6 a5 61. Ke5 axb4 62. axb4 Ke7 63. Kd5 Rd7+ 64. Rd6 Rc7 65. b5
Rc8 66. Rb6 Rd8+ 67. Rd6 Rc8 68. b6 Rf8 69. Ke5 Rc8 70. Kd4 Rf8 71. Ke5 Rc8 72.
Rd5 Rf8 73. f5 Rf6 74. Rd6 Rf7 75. c6 bxc6 76. Rxc6 Kd8 77. Rc7 Rf6 78. Rb7 Rc6
79. Rb8+ Kd7 80. b7 Kc7 81. Rc8+ Kxb7 82. Rxc6 Kxc6 83. Ke6 1-0

[Event "SV Günnigfeld 1 - Hammer SC 1"]
[Site "Verbandsliga - Gruppe 2 2021/"]
[Date "2021.11.14"]
[Round "2.4"]
[White "Radi, Guenter"]
[Black "Brieger, Sebastian"]
[Result "0-1"]
[WhiteElo "1855"]
[BlackElo "1785"]
[PlyCount "80"]
[EventDate "2021.??.??"]
[WhiteTeam "SV Günnigfeld 1"]
[BlackTeam "Hammer SC 1"]

1. d4 Nf6 2. Nf3 d5 3. c4 e6 4. Nc3 Bb4 5. Bd2 O-O 6. e3 b6 7. Qb3 Be7 8. cxd5
exd5 9. Ne5 Bb7 10. Rc1 Nbd7 11. Nxd7 Qxd7 12. Be2 c5 13. O-O c4 14. Qc2 b5 15.
Bf3 Rfe8 16. Ne2 Bf8 17. Ng3 g6 18. Qd1 a5 19. b3 Ba3 20. Rc2 cxb3 21. axb3
Rec8 22. Ra2 b4 23. Ne2 Ba6 24. Re1 Rc7 25. Qb1 Rac8 26. Nf4 a4 27. Be2 axb3
28. Qxb3 Bc4 29. Bxc4 dxc4 30. Qb1 c3 31. Bc1 c2 32. Qa1 Bxc1 33. Rxc1 b3 34.
Ra3 Rb8 35. Qb2 Qb5 36. f3 Qc4 37. Kf2 Qc3 38. Ra2 Qd2+ 39. Ne2 Nd5 40. Raa1
Nb4 0-1

[Event "SV Günnigfeld 1 - Hammer SC 1"]
[Site "Verbandsliga - Gruppe 2 2021/"]
[Date "2021.11.14"]
[Round "2.5"]
[White "Fluegel, Thomas"]
[Black "Funke, Eckhard"]
[Result "1/2-1/2"]
[WhiteElo "1798"]
[BlackElo "1891"]
[PlyCount "115"]
[EventDate "2021.??.??"]
[WhiteTeam "Hammer SC 1"]
[BlackTeam "SV Günnigfeld 1"]

1. d4 Nf6 2. c4 e5 3. dxe5 Ng4 4. Bf4 Nc6 5. Nf3 Bb4+ 6. Nbd2 Qe7 7. a3 Bxd2+
8. Qxd2 Ngxe5 9. Nxe5 Nxe5 10. e3 O-O 11. Be2 d6 12. O-O b6 13. Rfd1 Bb7 14.
Rac1 Ng6 15. Bg3 Nh4 16. Qd4 Nf5 17. Qc3 Rae8 18. Bf3 Bxf3 19. gxf3 Qg5 20. e4
Nxg3 21. fxg3 f5 22. Rd5 Qg6 23. e5 dxe5 24. Rxe5 f4 25. g4 Rd8 26. c5 Qd3 27.
cxb6 cxb6 28. Re7 Qxc3 29. Rxc3 Rf7 30. Rxf7 Kxf7 31. Rc7+ Kg6 32. Rxa7 Rd1+
33. Kg2 Rd2+ 34. Kh3 Rxb2 35. Rb7 h6 36. a4 Rb4 37. Ra7 Rb3 38. Kg2 Kf6 39. a5
bxa5 40. Rxa5 Rb2+ 41. Kh3 Rb4 42. Rc5 Kg6 43. Rf5 Rc4 44. Kg2 Kh7 45. h4 g6
46. Rf7+ Kg8 47. Ra7 Rc2+ 48. Kg1 Re2 49. Ra4 Re1+ 50. Kg2 Re2+ 51. Kh3 g5 52.
hxg5 hxg5 53. Ra5 Rf2 54. Rxg5+ Kh7 55. Rf5 Rxf3+ 56. Kg2 Rg3+ 57. Kf2 Rxg4 58.
Kf3 1/2-1/2

[Event "SV Günnigfeld 1 - Hammer SC 1"]
[Site "Verbandsliga - Gruppe 2 2021/"]
[Date "2021.11.14"]
[Round "2.6"]
[White "Bender, Markus"]
[Black "Boelling, Andreas"]
[Result "1-0"]
[WhiteElo "1820"]
[BlackElo "1792"]
[PlyCount "97"]
[EventDate "2021.??.??"]
[WhiteTeam "SV Günnigfeld 1"]
[BlackTeam "Hammer SC 1"]

1. d4 d5 2. Bf4 e6 3. e3 Bd6 4. Bg3 Nf6 5. Bd3 Nbd7 6. Nd2 Nb6 7. Ngf3 O-O 8.
Ne5 c5 9. c3 c4 10. Bc2 Ne8 11. Qh5 f5 12. Bh4 Qc7 13. f4 Nf6 14. Bxf6 Rxf6 15.
Ndf3 Bxe5 16. dxe5 Qf7 17. Qh4 Rg6 18. Ng5 Rxg5 19. Qxg5 Bd7 20. O-O Ba4 21.
Bd1 Bxd1 22. Raxd1 Na4 23. Rd2 Nc5 24. Qh4 Rf8 25. Rb1 Qc7 26. Rc2 Nd3 27. b3
Qb6 28. Qg3 Rc8 29. h3 h6 30. Kh2 Nc5 31. Qe1 Nd3 32. Qe2 Kh7 33. Rd2 Nc5 34.
Rd4 Ne4 35. Qc2 Qd8 36. bxc4 Qh4 37. Rxe4 dxe4 38. Qe2 b6 39. Rd1 Qe7 40. Rd6
Rc5 41. Qc2 Rxc4 42. Qb3 Qc7 43. Rxe6 Qc5 44. Rd6 b5 45. Rd4 h5 46. Qd1 g6 47.
Rd8 Qc6 48. Rd7+ Kg8 49. Rxa7 1-0

[Event "SV Günnigfeld 1 - Hammer SC 1"]
[Site "Verbandsliga - Gruppe 2 2021/"]
[Date "2021.11.14"]
[Round "2.7"]
[White "Rosentreter, Burkhard"]
[Black "Bauer, Matthias"]
[Result "1/2-1/2"]
[WhiteElo "1721"]
[BlackElo "1713"]
[PlyCount "40"]
[EventDate "2021.??.??"]
[WhiteTeam "Hammer SC 1"]
[BlackTeam "SV Günnigfeld 1"]

1. d4 d5 2. c4 c6 3. e3 Nf6 4. Nc3 g6 5. Nf3 Bg7 6. Be2 O-O 7. O-O Nbd7 8. b3
b6 9. Bb2 Bb7 10. cxd5 Nxd5 11. Nxd5 cxd5 12. Rc1 Rc8 13. Qd2 Rxc1 14. Rxc1 Qb8
15. Rc2 Rc8 16. Qc1 Rxc2 17. Qxc2 Qc8 18. Qxc8+ Bxc8 19. Kf1 Kf8 20. Bd3 Ke8
1/2-1/2

[Event "SV Günnigfeld 1 - Hammer SC 1"]
[Site "Verbandsliga - Gruppe 2 2021/"]
[Date "2021.11.14"]
[Round "2.8"]
[White "Kaltenpoth, Heinz-Werner"]
[Black "Fitzek, Timm"]
[Result "1/2-1/2"]
[WhiteElo "1615"]
[BlackElo "1558"]
[PlyCount "41"]
[EventDate "2021.??.??"]
[WhiteTeam "SV Günnigfeld 1"]
[BlackTeam "Hammer SC 1"]

1. c4 c5 2. Nc3 Nc6 3. g3 Nf6 4. Bg2 g6 5. Nf3 Bg7 6. O-O O-O 7. d4 cxd4 8.
Nxd4 Ng4 9. e3 Nge5 10. b3 d6 11. Nxc6 Nxc6 12. Bb2 Be6 13. Qd2 Qa5 14. Rfd1
Rac8 15. Nd5 Qxd2 16. Rxd2 Bxb2 17. Rxb2 Bxd5 18. Bxd5 Kg7 19. Bxc6 Rxc6 20.
Rd2 Rb8 21. Rd5 1/2-1/2

[Event "SG Mengede 1 - SG Gladbeck 1"]
[Site "Verbandsklasse - Gruppe 1 202"]
[Date "2021.11.14"]
[Round "2.1"]
[White "Hassenrueck, Helmut"]
[Black "Borgschulze, Maik"]
[Result "1-0"]
[WhiteElo "2101"]
[BlackElo "2130"]
[PlyCount "81"]
[EventDate "2021.??.??"]
[WhiteTeam "SG Gladbeck 1"]
[BlackTeam "SG Mengede 1"]

1. d4 Nf6 2. Nf3 e6 3. e3 b6 4. Bd3 Bb7 5. O-O Be7 6. c4 c5 7. Nc3 cxd4 8. exd4
d5 9. cxd5 Nxd5 10. Ne5 O-O 11. Qg4 Nd7 12. Bh6 Bf6 13. Qe4 g6 14. Bxf8 Kxf8
15. Nxd5 Bxd5 16. Qe3 Rc8 17. Rac1 Rxc1 18. Rxc1 Nxe5 19. dxe5 Bg5 20. f4 Be7
21. Qh3 Bc5+ 22. Kh1 Bxa2 23. b4 Bxb4 24. Qxh7 Bc5 25. Qh8+ Ke7 26. Qf6+ Kd7
27. Bb5+ Kc8 28. Ba6+ Kc7 29. Qxf7+ Qd7 30. Qxg6 Qd2 31. Qh7+ Kd8 32. Qh4+ Ke8
33. Bb5+ Kf8 34. Qh8+ Kf7 35. Qh5+ Kg8 36. Rd1 Qxf4 37. Qg6+ Kh8 38. Bd3 Qh4
39. Be4 Bd5 40. Qe8+ Kg7 41. Qd7+ 1-0

[Event "SG Mengede 1 - SG Gladbeck 1"]
[Site "Verbandsklasse - Gruppe 1 202"]
[Date "2021.11.14"]
[Round "2.2"]
[White "Delvos, Thorsten"]
[Black "Frohne, Gerd"]
[Result "0-1"]
[WhiteElo "1989"]
[BlackElo "2041"]
[PlyCount "84"]
[EventDate "2021.??.??"]
[WhiteTeam "SG Mengede 1"]
[BlackTeam "SG Gladbeck 1"]

1. c4 e6 2. g3 d5 3. Bg2 Nf6 4. Nf3 Be7 5. O-O O-O 6. d3 b6 7. Nbd2 Bb7 8. e4
dxe4 9. dxe4 Nxe4 10. Ne5 Nd6 11. Bxb7 Nxb7 12. Qf3 Qc8 13. Ne4 f6 14. Nd3 Na6
15. Be3 Nd6 16. c5 Nxe4 17. Qxe4 bxc5 18. Rac1 Rb8 19. b3 Rd8 20. Nxc5 Bxc5 21.
Bxc5 Rb5 22. Be3 Rbd5 23. Rc6 R5d6 24. Rfc1 Qb7 25. Qc4 Rd1+ 26. Rxd1 Rxd1+ 27.
Kg2 Rd6 28. Qxa6 Qxc6+ 29. Qxc6 Rxc6 30. Bxa7 Ra6 31. Bc5 Rxa2 32. b4 Kf7 33.
Kf3 e5 34. h4 Ke6 35. Ke3 Ra3+ 36. Kd2 c6 37. Bf8 g6 38. Bc5 f5 39. Kc2 Rf3 40.
Kd2 Kd5 41. Be3 Kc4 42. Bc5 Rb3 0-1

[Event "SG Mengede 1 - SG Gladbeck 1"]
[Site "Verbandsklasse - Gruppe 1 202"]
[Date "2021.11.14"]
[Round "2.3"]
[White "Berg, Dietmar"]
[Black "Bork, Sophie"]
[Result "1-0"]
[WhiteElo "1962"]
[BlackElo "1885"]
[PlyCount "73"]
[EventDate "2021.??.??"]
[WhiteTeam "SG Gladbeck 1"]
[BlackTeam "SG Mengede 1"]

1. d4 d5 2. Nf3 c5 3. e3 e6 4. c3 Nf6 5. Bd3 Nc6 6. Nbd2 a6 7. Qe2 Bd6 8. dxc5
Bxc5 9. e4 dxe4 10. Nxe4 Nxe4 11. Bxe4 Bd7 12. Bf4 Qb6 13. O-O h6 14. Rad1 Rd8
15. Rd2 O-O 16. Bd3 Be7 17. Rfd1 Bc8 18. b4 g5 19. Be3 Qc7 20. a4 f5 21. a5
Rde8 22. Bb6 Qf4 23. Bc4 Bf6 24. Nd4 Nxd4 25. Bxd4 Kg7 26. Rd3 Qc7 27. Bb6 Qc6
28. Re3 f4 29. Red3 e5 30. Rd6 Qa4 31. Qe4 Re7 32. Rf1 Rd7 33. Bd3 Kf7 34. Qh7+
Bg7 35. Bc4+ Ke8 36. Qg6+ Ke7 37. Qe6# 1-0

[Event "SG Mengede 1 - SG Gladbeck 1"]
[Site "Verbandsklasse - Gruppe 1 202"]
[Date "2021.11.14"]
[Round "2.4"]
[White "Weinert, Christian"]
[Black "Kruse, Peter"]
[Result "1-0"]
[WhiteElo "1940"]
[BlackElo "1972"]
[PlyCount "29"]
[EventDate "2021.??.??"]
[WhiteTeam "SG Mengede 1"]
[BlackTeam "SG Gladbeck 1"]

1. c4 e6 2. g3 g6 3. Bg2 c5 4. Nc3 Nc6 5. a3 Bg7 6. Rb1 Nge7 7. b4 d6 8. e3 O-O
9. Nge2 Rb8 10. O-O cxb4 11. axb4 a5 12. bxa5 Qxa5 13. d4 Rd8 14. Nb5 Qa2 15.
Na3 1-0

[Event "SG Mengede 1 - SG Gladbeck 1"]
[Site "Verbandsklasse - Gruppe 1 202"]
[Date "2021.11.14"]
[Round "2.5"]
[White "Rickert, Stefan"]
[Black "Kraus, Reinhard"]
[Result "1-0"]
[WhiteElo "1899"]
[BlackElo "1798"]
[PlyCount "81"]
[EventDate "2021.??.??"]
[WhiteTeam "SG Gladbeck 1"]
[BlackTeam "SG Mengede 1"]

1. e4 c5 2. Nf3 e6 3. d4 cxd4 4. Nxd4 Nf6 5. Bd3 Nc6 6. Be3 d5 7. Nc3 Bb4 8. f3
e5 9. Nxc6 bxc6 10. Bd2 Bxc3 11. Bxc3 d4 12. Bd2 Qb6 13. b4 O-O 14. a4 Ba6 15.
Qe2 Bxd3 16. Qxd3 Rac8 17. O-O Rfd8 18. f4 Ng4 19. Ra3 exf4 20. Rxf4 Ne5 21.
Qg3 Nc4 22. a5 Qc7 23. Rd3 Nxd2 24. Rxd2 c5 25. bxc5 Qxc5 26. Rdf2 Rd7 27. Qb3
Qc7 28. h3 Rb8 29. Rxf7 Rxf7 30. Rxf7 Rxb3 31. Rxc7 Rb2 32. e5 Kf8 33. a6 Ra2
34. Rxa7 Rxc2 35. Kf1 Ra2 36. e6 d3 37. Ke1 h6 38. Rf7+ Ke8 39. a7 Re2+ 40. Kd1
Ra2 41. Rxg7 1-0